| 000 | 01885cam a22003731i 4500 | ||
|---|---|---|---|
| 003 | SA-RiAUC | ||
| 005 | 20250815133613.0 | ||
| 008 | 250812s1990 ku g ib 00000 ara c | ||
| 040 |
_aSA-JeALM _bara _cSA-RiAUC _erda |
||
| 041 | 1 |
_aara _hfre |
|
| 043 | _ae-au--- | ||
| 082 | 0 | 4 | _a011.31 |
| 090 |
_a011.31 _bل و ب |
||
| 100 | 1 |
_aلوبيشتان، هيلينه، _d1918-2010 _eمؤلف. |
|
| 240 | 1 | 0 |
_aIndex des manuscrits Arabes a la bibliothique nationale d'Autriche. _lArabic |
| 245 | 1 | 0 |
_aفهرس المخطوطات العربية في المكتبة الوطنية النمساوية : _bالرياضيات / _cهيلينه لوبيشتان ؛ ترجمة عدنان جواد الطعمة. |
| 246 | 3 | 0 | _aالمخطوطات العربية في المكتبة الوطنية النمساوية الرياضيات |
| 250 | _aالطبعة الأولى. | ||
| 264 | 1 |
_aالكويت : _bمركز المخطوطات والتراث والوثائق، _c1990. |
|
| 300 |
_a44 صفحة ؛ _c24 سم. |
||
| 336 |
_aنص _btxt _2rdacontent _3كتاب |
||
| 337 |
_aبدون وسيط _bn _2rdamedia |
||
| 338 |
_aمجلد _bnc _2rdacarrier |
||
| 490 | 1 |
_aالفهارس العالمية ؛ _v2 |
|
| 504 | _aببليوجرافية : صفحة 44. | ||
| 610 | 2 | 7 |
_aالمكتبة الوطنية (النمسا) _xمخطوطات _vفهارس _2aucnm |
| 650 | 7 |
_aالمخطوطات العربية _zالنمسا _zفيينا _vببليوجرافيات _2aucsh |
|
| 650 | 7 |
_aالرياضيات _xمخطوطات _vببليوجرافيات _2aucsh |
|
| 700 | 1 |
_aالطعمة، عدنان جواد، _d1941-2023 _eمترجم. |
|
| 700 | 1 | 2 |
_iترجمة لـ : _aلوبيشتان، هيلينه، _d1918-2010 _tIndex des manuscrits Arabes a la bibliothique nationale d'Autriche. |
| 830 | 2 |
_aالفهارس العالمية _v2 |
|
| 942 |
_2ddc _cBOOK _n0 |
||
| 949 |
_aSA-JeALM _d250812 _uosman123 _n1 |
||
| 999 |
_c10808 _d10808 |
||